| 000 | 00859nam a2200325Ia 4500 | ||
|---|---|---|---|
| 001 | 11655 | ||
| 005 | 20240113235321.0 | ||
| 007 | ta | ||
| 008 | 050921s g b000 u eng u | ||
| 020 |
_a81-7457-109-4 _cRs.150.00 |
||
| 040 | _aCotton College,Assam | ||
| 041 | _aeng | ||
| 082 |
_a370.954 _bCh 36 Hi |
||
| 100 | _aChaube, S.P.. | ||
| 245 | 0 |
_aHistory and Problems of Indian Education / _cS.P.Chaube. _hTextual Documents |
|
| 250 | _a1st ed. / | ||
| 260 |
_aAgra : _bVinod Pustak Mandir , _cnd. |
||
| 300 |
_aiii,410p. ; _c22cm.. |
||
| 365 | _aRs.150.00 | ||
| 504 | _aIndex | ||
| 653 | _aEducation-India | ||
| 653 | _aHistory-Indian Education | ||
| 653 | _aG-Education | ||
| 653 | _aT/G-Education | ||
| 942 |
_2ddc _cBK |
||
| 999 |
_c11642 _d11642 |
||